000 00610nam a2200241Ia 4500
003 OSt
005 20221005092117.0
006 a|||||r|||| 00| 0
007 ta
008 221004b |||||||| |||| 00| 0 eng d
024 _a64242
037 _cTextual
040 _aCRL
_cCRL
_beng
041 _2eng
_aeng
082 _aWv, N3
100 _aGray John
245 0 _aPost liberalism
_b Studies in political thought
260 _aNew York
_bRoutledge
_c1993
300 _a358p
_ccm.
650 _aPOLITICAL SCIENCE
942 _hWv, N3
_cTEXL
_2cc
999 _c998353
_d998353